000 00278nam a2200121 a 4500
008 100916s1973|||| d
100 1 _aDumas, Alexander
245 1 0 _aDobztie bastily 2
260 _bTatran
_aBratislava
_c1973
020 _c35
044 _axo
_cSK
041 _aslo
999 _c10339
_d10339